000
00305nam a2200121Ia 4500
005
20251222143203.0
008
251222s9999||||xx |||||||||||||| ||spa||
020
_a
950-9431-68-0
082
_a
380/C61
245
0
_a
Globalización y Mercados Laborales en América Latina
264
_b
CIEDLA
942
_c
LIB
999
_c
13155
_d
13155